000 00706nam a2200229Ia 4500
003 OSt
005 20220925224845.0
006 a|||||r|||| 00| 0
007 ta
008 220923b |||||||| |||| 00| 0 eng d
037 _cGeneral Book
040 _aRTL
_cRTL
_beng
041 _2eng
_aeng
082 _aX9(F56):(Z, 5).73.N8, M4
100 _aBraithwaite John
_9249585
245 0 _aCorporate crime in the pharmaceutical industry
260 _aLondon
_bRoutledge and Kegan Paul UK
_c1984
300 _a440p. Bib p. 408-27
_ccm.
650 _aPharmaceutical Industry
_9230534
942 _hX9(F56):(Z, 5).73.N8, M4
_cGB
_2CC
999 _c582351
_d582351